| 000 | 00570-am-a2200193-a-4500 | ||
|---|---|---|---|
| 001 | YSU0189884 | ||
| 003 | AM-YeHGA | ||
| 005 | 20250617163424.0 | ||
| 008 | 990223s1960 xxu 000 0 rus u | ||
| 020 | _c0.67 | ||
| 040 | _aAM-YeHGA | ||
| 100 | 1 | 0 | _aВасюченко, Софья Ивановна |
| 245 | 1 | 0 |
_aХимия _bДля техникумов : Учебное пособие / _cС.И. Васюченко |
| 250 | _a3-е | ||
| 260 | 0 |
_aМосква : _bВысшая школа , _c1960. |
|
| 300 | _a340 с. | ||
| 650 | 4 | _aХимия | |
| 090 | _c509774 | ||
| 999 |
_c506353 _d506353 |
||